| 000 | 00912cam a2200265 a 4500 | ||
|---|---|---|---|
| 008 | |||
| 020 | _a0435089714 (pbk.) | ||
| 049 | _aMAIN | ||
| 090 | _aPN9345 | ||
| 245 | 0 | 0 |
_aNew writing from Southern Africa : _bauthors who have become prominent since 1980 / _ccompiled & edited by Emmanuel Ngara. |
| 260 |
_aPortsmouth, N.H. : _bHeinemann, _c1996. |
||
| 300 |
_axiii, 172 p. : _bill. ; _c22 cm. |
||
| 440 | 0 |
_aStudies in African literature. _pNew series. |
|
| 504 | _aIncludes bibliographical references. | ||
| 500 | _aIncludes index. | ||
| 650 | 0 | _aSouthern African literature (English) | |
| 651 | 0 |
_aAfrica, Southern _xLiterary collections. |
|
| 650 | 0 |
_aEnglish literature _y20th century. |
|
| 700 | 1 | _aNgara, Emmanuel. | |
| 907 |
_a.b10167894 _b16-01-07 _c15-07-05 |
||
| 003 | |||
| 005 | 20230123134032.0 | ||
| 040 | _cNUST | ||
| 942 |
_cBOOKS _kPN9345 |
||
| 999 |
_c158912 _d158912 |
||